| 000 | 00507ntaaa2200193 4500 | ||
|---|---|---|---|
| 003 | 01 | ||
| 005 | 20251027201857.0 | ||
| 008 | 0714s1973 ag 01 | ||
| 040 |
_aAR-BaBN _bspa _cAR-BaBN _eaacr _dRIC |
||
| 082 | _a230.1000 W33 | ||
| 100 |
_aWatson, Philips _917235 |
||
| 245 | _aLet God be God | ||
| 250 |
_a1 ed. : _bEpworth Press, _cc1947 |
||
| 300 | _a203 p. | ||
| 500 | _a"An interpretation of the theology of Martin Luther" | ||
| 650 | _aLutero | ||
| 650 |
_aTeología Histórica _92083 |
||
| 942 | _cBK | ||
| 999 |
_c13439 _d13439 |
||